000 00463nam a2200181Ia 4500
005 20250326130403.0
008 250326s9999 xx 000 0 und d
037 _aTextbook
040 _aFMSL
_beng
_cFMSL
041 _aeng
_2eng
084 _aX:9 L0
_qFMSL
100 _aRaj D
_9735612
245 0 _aDesign of sample surveys
_cRaj D
260 _aNY
_bNY, McGraw-Hill
_c1970
300 _a654p
942 _cTB
_hX:9 L0
999 _c1282266
_d1282266